000 00624nam a22001937a 4500
005 20251108170816.0
008 250721s1997 xx 000 0 ara d
082 1 4 _a668.4/مطا
100 1 _aمطاوع، أحمد مجدي
245 1 0 _aالبلاستيك و تأثيراته الصحية و البيئية /
264 1 _aالقاهرة :
_bالهئية المصرية العامة للكتاب،
_c1997.
300 _a183ص
490 0 _aالعلم و الحياة ؛69
650 1 7 _aالبلاسيتك
650 1 7 _aالتلوث
650 1 7 _aالتوزان البيئي
942 _2ddc
_cBK
999 _c49487
_d49487